[Event "Team men HL chess 2018"]
[Site "Sochi"]
[Date "2018.05.01"]
[Round "1.2"]
[White "Golubev, Roman"]
[Black "Barskij, Vladimir"]
[Result "1/2-1/2"]
[WhiteElo "2391"]
[BlackElo "2386"]
[PlyCount "98"]
[EventDate "2018.05.01"]

1. e4 c5 2. Nf3 e6 3. d4 cxd4 4. Nxd4 Nf6 5. Nc3 d6 6. g4 h6 7. h4 Nc6 8. Rg1
h5 9. gxh5 Nxh5 10. Bg5 Nf6 11. Qd2 Qb6 12. Nb3 a6 13. O-O-O Qc7 14. Kb1 Bd7
15. Be2 O-O-O 16. h5 Be7 17. Be3 Rh7 18. f4 Kb8 19. Bf3 Bc8 20. Qf2 Nd7 21. Na4
b5 22. Nb6 Bb7 23. c4 Nc5 24. Nxc5 dxc5 25. Bxc5 Bxc5 26. Qxc5 Nd4 27. Qxc7+
Kxc7 28. Nd5+ exd5 29. Rxd4 dxe4 30. Rxd8 Kxd8 31. Be2 bxc4 32. Kc2 Ke7 33. Kc3
Kf6 34. Rg5 Rh8 35. Kxc4 Rd8 36. Kc3 Rd6 37. Ra5 Re6 38. Kd4 e3 39. Re5 Rxe5
40. fxe5+ Kf5 41. Kxe3 Kxe5 42. b4 f5 43. a4 f4+ 44. Kf2 Kd4 45. a5 Ke5 46. b5
axb5 47. Bxb5 Kf5 48. a6 Bxa6 49. Bxa6 Kg5 1/2-1/2

[Event "Team men HL chess 2018"]
[Site "Sochi"]
[Date "2018.05.01"]
[Round "1.3"]
[White "Burtasova, Anna"]
[Black "Kuzub, Pavel"]
[Result "1-0"]
[WhiteElo "2276"]
[BlackElo "2033"]
[PlyCount "55"]
[EventDate "2018.05.01"]

1. e4 c5 2. Nf3 d6 3. c3 Nf6 4. Be2 Nc6 5. d4 cxd4 6. cxd4 d5 7. e5 Ne4 8. O-O
Qb6 9. Nc3 Nxc3 10. bxc3 Bg4 11. Be3 Qc7 12. c4 dxc4 13. e6 Bxe6 14. d5 O-O-O
15. Bxc4 Bxd5 16. Bxd5 e6 17. Bxe6+ fxe6 18. Qb3 Bd6 19. Rfc1 e5 20. Bxa7 Qd7
21. Bb6 Bc7 22. Bxc7 Qxc7 23. Rab1 Rd7 24. Qa4 Kd8 25. Ng5 Qa5 26. Ne6+ Ke7 27.
Qg4 g6 28. Nc5 1-0

[Event "Team men HL chess 2018"]
[Site "Sochi"]
[Date "2018.05.01"]
[Round "1.1"]
[White "Alexeev, Alexey"]
[Black "Utnasunov, Alexander"]
[Result "1/2-1/2"]
[WhiteElo "2287"]
[BlackElo "2446"]
[PlyCount "82"]
[EventDate "2018.05.01"]

1. e4 c5 2. Nf3 d6 3. Bb5+ Bd7 4. Bxd7+ Nxd7 5. O-O Ngf6 6. Qe2 e6 7. b3 Be7 8.
Bb2 O-O 9. c4 e5 10. Nc3 Re8 11. Ne1 Nf8 12. Nc2 Ne6 13. Ne3 Nd4 14. Qd1 g6 15.
d3 Nh5 16. g3 Bf8 17. Ncd5 Bg7 18. b4 Rf8 19. bxc5 dxc5 20. Ng2 Qd7 21. Rb1 Ne6
22. f4 Nd4 23. f5 Nf6 24. Nge3 Nxd5 25. Nxd5 Nc6 26. f6 Bh6 27. Kg2 Rfd8 28. h4
b5 29. Bc1 Bf8 30. Rxb5 h5 31. Be3 Rab8 32. Qd2 Rxb5 33. cxb5 Nb4 34. Nxb4 cxb4
35. Rd1 Qxb5 36. Bh6 Kh7 37. Bxf8 Rxf8 38. Rc1 Qa6 39. Qxb4 Qxd3 40. Qxf8 Qe2+
41. Kh3 Qg4+ 1/2-1/2

[Event "Team men HL chess 2018"]
[Site "Sochi"]
[Date "2018.05.01"]
[Round "1.2"]
[White "Tekeyev, Zaur"]
[Black "Truskavetsky, Alexandr"]
[Result "1-0"]
[WhiteElo "2378"]
[BlackElo "2387"]
[PlyCount "75"]
[EventDate "2018.05.01"]

1. e4 d6 2. d4 g6 3. Nf3 Nf6 4. Bd3 Bg7 5. O-O O-O 6. Re1 Nc6 7. d5 Nb4 8. Bf1
a5 9. a3 Na6 10. Nc3 Bg4 11. h3 Bxf3 12. Qxf3 Nc5 13. Bg5 Nfd7 14. Rad1 a4 15.
Qe3 Re8 16. Bc4 Ne5 17. Ba2 Ra6 18. f4 Ned7 19. Bh4 Rb6 20. Qc1 Qb8 21. Bf2 c6
22. e5 dxe5 23. Ne4 Nxe4 24. Bxb6 Nxb6 25. Rxe4 cxd5 26. Bxd5 e6 27. Ba2 Qc7
28. fxe5 Nd7 29. Rxa4 Nxe5 30. Kh1 Nf3 31. gxf3 Qg3 32. Qf4 Qxh3+ 33. Kg1 Bh6
34. Qe5 b5 35. Re4 Rc8 36. c3 Qxf3 37. Rf1 Qd3 38. Bxe6 1-0

[Event "Team men HL chess 2018"]
[Site "Sochi"]
[Date "2018.05.01"]
[Round "1.3"]
[White "Pervakov, Sergey"]
[Black "Rozhko, Dmitry"]
[Result "0-1"]
[WhiteElo "2119"]
[BlackElo "2305"]
[PlyCount "70"]
[EventDate "2018.05.01"]

1. e4 c6 2. d4 d5 3. exd5 cxd5 4. c4 Nf6 5. Nc3 g6 6. cxd5 Nxd5 7. Nf3 Bg7 8.
Be2 O-O 9. O-O Nc6 10. Re1 b6 11. Bg5 h6 12. Bh4 Bb7 13. Bc4 Nxc3 14. bxc3 Qc8
15. Rc1 e6 16. Qe2 Re8 17. Bg3 Ne7 18. Ne5 Nf5 19. Bb3 Nxg3 20. hxg3 Qc7 21.
Qg4 Rad8 22. Qf4 Bxe5 23. Rxe5 Kg7 24. Qe3 Qc6 25. f3 Rf8 26. Re1 Rc8 27. c4
Rfd8 28. d5 exd5 29. cxd5 Qf6 30. Re7 Bxd5 31. Bxd5 Rxd5 32. Rxa7 Rc2 33. Re2
Rxe2 34. Qxe2 Qa1+ 35. Kf2 Qc1 0-1

[Event "Team men HL chess 2018"]
[Site "Sochi"]
[Date "2018.05.01"]
[Round "1.4"]
[White "Nuristani, Iman"]
[Black "Illina, Natalia"]
[Result "1-0"]
[WhiteElo "2132"]
[BlackElo "2146"]
[PlyCount "81"]
[EventDate "2018.05.01"]

1. d4 Nf6 2. c4 e6 3. Nc3 Bb4 4. a3 Bxc3+ 5. bxc3 b6 6. e3 Bb7 7. f3 O-O 8. Bd3
d6 9. Ne2 Nbd7 10. e4 c5 11. O-O cxd4 12. cxd4 e5 13. Bb2 Rc8 14. Rc1 Re8 15.
Qd2 Nf8 16. Rfd1 N6d7 17. Ng3 g6 18. f4 Ne6 19. fxe5 dxe5 20. dxe5 Ndc5 21. Qe3
Qg5 22. Qf2 h5 23. Qf3 Nb3 24. Rf1 Re7 25. h4 Qxh4 26. Rcd1 Qg5 27. Qf2 h4 28.
Ne2 h3 29. g3 Nbc5 30. Nc3 Nxd3 31. Rxd3 Rf8 32. Rf3 Nc5 33. e6 f5 34. Nd5 Bxd5
35. exd5 Rh7 36. Kh2 Ne4 37. Qe2 Nd2 38. d6 Nxf3+ 39. Rxf3 f4 40. e7 Re8 41. d7
1-0

[Event "Team men HL chess 2018"]
[Site "Sochi"]
[Date "2018.05.01"]
[Round "1.1"]
[White "Chigaev, Maksim"]
[Black "Safarian, Armen"]
[Result "1-0"]
[WhiteElo "2565"]
[BlackElo "2144"]
[PlyCount "67"]
[EventDate "2018.05.01"]

1. g3 Nf6 2. Bg2 d5 3. Nf3 c6 4. O-O g6 5. b3 Bg7 6. Bb2 O-O 7. c4 Bg4 8. d4
Nbd7 9. Nc3 Rc8 10. h3 Bxf3 11. Bxf3 e5 12. e3 dxc4 13. bxc4 exd4 14. exd4 Qb6
15. Rb1 Rfd8 16. Na4 Qb4 17. Qb3 Qxb3 18. axb3 b5 19. cxb5 cxb5 20. Nc3 b4 21.
Nb5 a6 22. Na7 Rc7 23. Nc6 Re8 24. Nxb4 Re6 25. d5 Rb6 26. Nc6 Rxb3 27. d6 Rxc6
28. Bxc6 Rb6 29. Rfe1 Nb8 30. Bxf6 Rxb1 31. Rxb1 Nxc6 32. Bxg7 Kxg7 33. d7 Kf8
34. Re1 1-0

[Event "Team men HL chess 2018"]
[Site "Sochi"]
[Date "2018.05.01"]
[Round "1.2"]
[White "Nazaretyan, Tigran"]
[Black "Zhurikhin, Alexander"]
[Result "1-0"]
[WhiteElo "2302"]
[BlackElo "2371"]
[PlyCount "113"]
[EventDate "2018.05.01"]

1. d4 Nf6 2. c4 e6 3. Nc3 Bb4 4. e3 Bxc3+ 5. bxc3 d6 6. Bd3 e5 7. e4 c5 8. Ne2
Nc6 9. d5 Ne7 10. Bg5 Ng6 11. f3 h6 12. Be3 Nh5 13. g3 Bh3 14. Qa4+ Kf8 15. Kf2
Nhf4 16. Bxf4 exf4 17. gxf4 Qh4+ 18. Ke3 Bg2 19. Rhb1 Qh3 20. Kd2 Bxf3 21. Rxb7
Bxe2 22. Bxe2 Qxh2 23. Qd7 Qxf4+ 24. Kc2 Qxe4+ 25. Kb3 Ne5 26. Qxd6+ Kg8 27.
Re7 Qxe2 28. Rxe5 Qf2 29. Re7 Kh7 30. Rb7 Rae8 31. Rb5 Rc8 32. Rb1 Rhd8 33. Qa6
Qf5 34. Re1 Re8 35. Rxe8 Rxe8 36. Qa3 Re2 37. Qc1 Qf2 38. Rb7 a5 39. Qb1+ g6
40. Ka3 Qf3 41. Ka4 Kg7 42. Kb5 h5 43. Kxc5 h4 44. Qd1 h3 45. Qd4+ Qf6 46. Rb1
h2 47. Rf1 Qxd4+ 48. cxd4 Rg2 49. Rh1 Kf8 50. d6 Rc2 51. Re1 Re2 52. Rxe2 h1=Q
53. d7 Qa8 54. Re8+ Qxe8 55. dxe8=Q+ Kxe8 56. Kd6 Kd8 57. c5 1-0

[Event "Team men HL chess 2018"]
[Site "Sochi"]
[Date "2018.05.01"]
[Round "1.3"]
[White "Aminov, Andrey"]
[Black "Tenikashvili, Georgij"]
[Result "0-1"]
[WhiteElo "2296"]
[BlackElo "2294"]
[PlyCount "136"]
[EventDate "2018.05.01"]

1. e4 c6 2. Nc3 d5 3. Nf3 Bg4 4. h3 Bxf3 5. Qxf3 e6 6. d4 dxe4 7. Qxe4 Nf6 8.
Qd3 Na6 9. a3 Qa5 10. Rb1 Nc7 11. Be2 Bd6 12. O-O Rd8 13. b4 Qf5 14. Qxf5 exf5
15. b5 Ne6 16. bxc6 bxc6 17. Bd3 g6 18. Re1 O-O 19. Rb7 Rd7 20. Rxd7 Nxd7 21.
d5 cxd5 22. Nxd5 Rb8 23. a4 Ndc5 24. Bh6 Nxa4 25. g4 fxg4 26. hxg4 Nac5 27. Bc4
Kh8 28. Kg2 Bf8 29. Be3 a5 30. Ra1 a4 31. Ra2 Bg7 32. f4 f5 33. gxf5 gxf5 34.
c3 Rb7 35. Kf3 h6 36. Bd2 Ne4 37. Ne3 Nxd2+ 38. Rxd2 Bxc3 39. Rd3 Nd4+ 40. Kf2
Rb2+ 41. Kf1 Rb1+ 42. Kg2 Rc1 43. Nd1 Ba1 44. Bd5 a3 45. Ne3 Bb2 46. Nd1 Ne2
47. Kf3 Rxd1 48. Kxe2 Rxd3 49. Kxd3 Kg7 50. Kc2 Kf6 51. Bf3 Bd4 52. Kb3 Bc5 53.
Ka2 Ke6 54. Kb3 Kf6 55. Ka2 Kg6 56. Kb3 h5 57. Bg2 h4 58. Bh3 Kf6 59. Ka2 Ke6
60. Bg2 Kd6 61. Kb3 Bb4 62. Bh3 Kc5 63. Bxf5 Kd4 64. Be6 Bf8 65. Kc2 Ke3 66.
Kd1 h3 67. Kc2 h2 68. Bd5 Kxf4 0-1

[Event "Team men HL chess 2018"]
[Site "Sochi"]
[Date "2018.05.01"]
[Round "1.4"]
[White "Mumdgan, Suren"]
[Black "Kostin, Alexey"]
[Result "1/2-1/2"]
[WhiteElo "2116"]
[BlackElo "2291"]
[PlyCount "106"]
[EventDate "2018.05.01"]

1. d4 Nf6 2. c4 e6 3. Nf3 b6 4. g3 Bb7 5. Bg2 Be7 6. Nc3 O-O 7. O-O Na6 8. Bg5
c5 9. d5 exd5 10. cxd5 d6 11. Qd2 Re8 12. e4 h6 13. Bf4 Nc7 14. a4 a6 15. Rfe1
b5 16. axb5 axb5 17. Rxa8 Qxa8 18. Nh4 b4 19. Nd1 Bf8 20. Nf5 Qd8 21. f3 Bc8
22. g4 Bxf5 23. gxf5 Nh5 24. Be3 Be7 25. Nf2 Bg5 26. f4 Bh4 27. e5 dxe5 28.
fxe5 Rxe5 29. Bxc5 Rxf5 30. Bb6 Qd6 31. Bxc7 Qxc7 32. Re8+ Kh7 33. Be4 Bxf2+
34. Qxf2 Qc1+ 35. Kg2 Nf4+ 36. Kg3 Nh5+ 37. Kh3 Nf4+ 38. Kg3 Nh5+ 39. Kh3 Nf4+
40. Kg4 g6 41. Bxf5 gxf5+ 42. Kxf5 Nxd5 43. h4 Qc6 44. Re2 Nf6 45. Kf4 Qc4+ 46.
Kf3 Qd5+ 47. Kg3 Ne4+ 48. Rxe4 Qxe4 49. Qxf7+ Kh8 50. b3 Qd4 51. Qf8+ Kh7 52.
Qf7+ Qg7+ 53. Qxg7+ Kxg7 1/2-1/2

[Event "Team men HL chess 2018"]
[Site "Sochi"]
[Date "2018.05.01"]
[Round "1.1"]
[White "Dulenko, Maxim"]
[Black "Gusarov, Grigory"]
[Result "1/2-1/2"]
[WhiteElo "2143"]
[BlackElo "2367"]
[PlyCount "45"]
[EventDate "2018.05.01"]

1. e4 c5 2. Nf3 d6 3. c3 Nf6 4. Be2 g6 5. e5 dxe5 6. Nxe5 Bg7 7. d4 cxd4 8.
cxd4 O-O 9. O-O Nbd7 10. Nc3 Nb6 11. Bf3 Nfd7 12. Bf4 Nxe5 13. Bxe5 Nc4 14.
Bxg7 Kxg7 15. Qe2 Nd6 16. Rfe1 Re8 17. Qe5+ Kg8 18. Nd5 Be6 19. Nf4 Bf5 20. Nd5
Be6 21. Nf4 Bf5 22. Nd5 Be6 23. Nf4 1/2-1/2

[Event "Team men HL chess 2018"]
[Site "Sochi"]
[Date "2018.05.01"]
[Round "1.2"]
[White "Ozgibcev, Anatoly"]
[Black "Bogachkova, Alena"]
[Result "1-0"]
[WhiteElo "2376"]
[BlackElo "2110"]
[PlyCount "79"]
[EventDate "2018.05.01"]

1. Nf3 d5 2. g3 Nf6 3. Bg2 Bf5 4. O-O h6 5. c4 c6 6. cxd5 cxd5 7. Qb3 Qc8 8. d3
Nc6 9. Bf4 g5 10. Be3 Bg7 11. Nc3 Qd7 12. Nd4 Bg6 13. Nxc6 bxc6 14. Bc5 O-O 15.
Qa3 Rfe8 16. e4 Qb7 17. Rac1 e6 18. Rc2 a5 19. b3 Nd7 20. Na4 Ne5 21. d4 Nd7
22. Re2 Qb5 23. Rfe1 Nxc5 24. dxc5 dxe4 25. Bxe4 Bxe4 26. Rxe4 Rad8 27. Qc1 Rd5
28. Rc4 Red8 29. Nc3 Bxc3 30. Qxc3 Rf5 31. a4 Qb8 32. b4 axb4 33. Rxb4 Qa7 34.
Re5 Rd1+ 35. Kg2 Qa6 36. Re1 Rxe1 37. Rb8+ Kh7 38. Rh8+ Kg6 39. Rg8+ Kh5 40.
g4+ 1-0

[Event "Team men HL chess 2018"]
[Site "Sochi"]
[Date "2018.05.01"]
[Round "1.3"]
[White "Mamedov, Elmin"]
[Black "Dilmukhametov, Artur"]
[Result "0-1"]
[WhiteElo "2179"]
[BlackElo "2348"]
[PlyCount "106"]
[EventDate "2018.05.01"]

1. e4 e6 2. d3 b6 3. Nd2 Bb7 4. Ngf3 d5 5. exd5 Bxd5 6. g3 Nf6 7. Bg2 Be7 8.
O-O O-O 9. Qe2 c5 10. Ne4 Qc8 11. Nc3 Bc6 12. Ne5 Bxg2 13. Kxg2 Nfd7 14. Nf3
Nc6 15. Ne4 Qb7 16. Kg1 h6 17. Bd2 Rfe8 18. Bc3 e5 19. Ned2 Bf8 20. Qe4 Nf6 21.
Qf5 g6 22. Qh3 Nd5 23. Rfe1 Bg7 24. Nc4 Rad8 25. Qg2 Nxc3 26. bxc3 e4 27. Rxe4
Rxe4 28. dxe4 Bxc3 29. Rf1 Nb4 30. e5 Nxc2 31. Nd6 Qd5 32. Nb5 Nd4 33. Nfxd4
Bxd4 34. Nxa7 Qxa2 35. Nc6 Rd7 36. Qh3 Qd5 37. Nxd4 cxd4 38. Re1 d3 39. Qxh6 d2
40. Rd1 Qb3 41. Rxd2 Qb1+ 42. Kg2 Qc1 43. e6 Rxd2 44. exf7+ Kxf7 45. Qh7+ Kf6
46. Qh8+ Ke7 47. Qg7+ Kd8 48. Qxg6 Kc7 49. Qg7+ Rd7 50. Qe5+ Kb7 51. h4 Qc6+
52. Kh2 Qf3 53. Qe1 Rd1 0-1

[Event "Team men HL chess 2018"]
[Site "Sochi"]
[Date "2018.05.01"]
[Round "1.4"]
[White "Pogromsky, Mikhail"]
[Black "Utiatskaja, Irina"]
[Result "1-0"]
[WhiteElo "2416"]
[BlackElo "2159"]
[PlyCount "67"]
[EventDate "2018.05.01"]

1. b3 d5 2. Bb2 Nf6 3. e3 g6 4. c4 Bg7 5. cxd5 O-O 6. Bxf6 Bxf6 7. Nc3 c6 8.
dxc6 Nxc6 9. Nf3 Bg4 10. Be2 Bxf3 11. Bxf3 Ne5 12. Bxb7 Nd3+ 13. Ke2 Nc5 14.
Bxa8 Qd3+ 15. Ke1 Rxa8 16. Rc1 Qa6 17. Qe2 Nd3+ 18. Kf1 Rd8 19. Rd1 Qa5 20. g3
Qa6 21. f3 h5 22. h4 Be5 23. Rg1 Kh7 24. g4 Qf6 25. gxh5 Qxh4 26. hxg6+ Kg7 27.
Qg2 Rh8 28. Ke2 Nb2 29. gxf7+ Kxf7 30. Qg6+ Kf8 31. Rde1 Qb4 32. Rg4 Qa5 33.
Reg1 Bxc3 34. Rf4+ 1-0

[Event "Team men HL chess 2018"]
[Site "Sochi"]
[Date "2018.05.02"]
[Round "2.1"]
[White "Panarin, Mikhail"]
[Black "Rozum, Ivan"]
[Result "1-0"]
[WhiteElo "2551"]
[BlackElo "2581"]
[PlyCount "87"]
[EventDate "2018.05.01"]

1. e4 c6 2. d4 d5 3. Nd2 dxe4 4. Nxe4 Bf5 5. Ng3 Bg6 6. h4 h6 7. Nf3 Nd7 8. h5
Bh7 9. Bd3 Bxd3 10. Qxd3 e6 11. Bd2 Ngf6 12. O-O-O Be7 13. Kb1 Rc8 14. Ne4 c5
15. dxc5 Nxc5 16. Nxf6+ Bxf6 17. Qxd8+ Rxd8 18. Be3 Rc8 19. Nd2 Ke7 20. Bxc5+
Rxc5 21. Ne4 Re5 22. f3 Rd8 23. Rxd8 Kxd8 24. c4 Be7 25. Kc2 f5 26. Rd1+ Ke8
27. Nc3 Bb4 28. a3 Bxc3 29. Kxc3 f4 30. Rd4 Rxh5 31. Rxf4 Rh2 32. Rg4 g5 33. c5
Kd7 34. Kc4 Rh1 35. Kb5 Rd1 36. Ra4 Kc7 37. Rxa7 g4 38. fxg4 Rd2 39. b4 Rd8 40.
a4 e5 41. a5 e4 42. a6 Re8 43. Rxb7+ Kc8 44. c6 1-0

[Event "Team men HL chess 2018"]
[Site "Sochi"]
[Date "2018.05.02"]
[Round "2.2"]
[White "Lintchevski, Daniil"]
[Black "Zakaryan, David"]
[Result "1/2-1/2"]
[WhiteElo "2544"]
[BlackElo "2398"]
[PlyCount "81"]
[EventDate "2018.05.01"]

1. e4 c5 2. Nf3 Nc6 3. d4 cxd4 4. Nxd4 g6 5. c4 Bg7 6. Be3 Nf6 7. Nc3 Ng4 8.
Qxg4 Nxd4 9. Qd1 e5 10. Bd3 O-O 11. O-O d6 12. Ne2 Qb6 13. b3 Be6 14. Nxd4 exd4
15. Bd2 f5 16. exf5 Bxf5 17. Qc2 d5 18. Rac1 Rac8 19. Bxf5 Rxf5 20. c5 Qa6 21.
b4 Qe2 22. Rce1 Qc4 23. Qb3 b6 24. Re7 Qxb3 25. axb3 bxc5 26. bxc5 Rxc5 27.
Rxa7 Rc2 28. Rd1 d3 29. g4 Rf8 30. Rd7 Bd4 31. Rxd5 Rxf2 32. Rxd4 Rfxd2 33.
Rxd2 Rxd2 34. b4 Kf7 35. b5 Kf6 36. b6 Kg5 37. b7 Rb2 38. Rxd3 Rxb7 39. h3 Kf4
40. Rd4+ Kg3 41. Rd3+ 1/2-1/2

[Event "Team men HL chess 2018"]
[Site "Sochi"]
[Date "2018.05.02"]
[Round "2.3"]
[White "Oganian, Miran"]
[Black "Moiseenko, Vadim"]
[Result "1/2-1/2"]
[WhiteElo "2422"]
[BlackElo "2522"]
[PlyCount "160"]
[EventDate "2018.05.01"]

1. d4 Nf6 2. c4 g6 3. Nc3 d5 4. Bg5 c5 5. Bxf6 exf6 6. Nf3 dxc4 7. dxc5 Qa5 8.
e3 Be6 9. Nd4 Qxc5 10. Nxe6 fxe6 11. Qa4+ Qc6 12. Qxc4 Kf7 13. Rc1 Be7 14. Qxc6
Nxc6 15. Bb5 Rac8 16. Ke2 a6 17. Bd3 Ne5 18. Rhd1 f5 19. f4 Nxd3 20. Rxd3 Rc7
21. Rcd1 Rhc8 22. Rd7 Ke8 23. Rxc7 Rxc7 24. Rd3 Bc5 25. Kd2 Ke7 26. a3 Bd6 27.
g3 b5 28. Na2 Rc8 29. Nb4 Bxb4+ 30. axb4 Rc4 31. Rd4 Rc6 32. e4 fxe4 33. Rxe4
Rd6+ 34. Kc2 Kf6 35. Re5 Rd4 36. b3 Ke7 37. Re1 h6 38. Kc3 Rd6 39. h3 Kf6 40.
Kc2 g5 41. fxg5+ hxg5 42. Rd1 Rc6+ 43. Kd3 Rc8 44. Ke4 Rc2 45. Rf1+ Ke7 46. Ra1
Rc3 47. h4 gxh4 48. gxh4 Rxb3 49. Rxa6 Kf6 50. Rb6 Rxb4+ 51. Kd3 Kf5 52. h5 e5
53. h6 Rb3+ 54. Kd2 Ke4 55. h7 Rb2+ 56. Kd1 Rh2 57. Rxb5 Rxh7 58. Rb3 Rh2 59.
Ke1 Rc2 60. Ra3 Rb2 61. Rh3 Kd4 62. Rg3 e4 63. Rh3 Rc2 64. Ra3 Kc4 65. Ra4+ Kd3
66. Ra3+ Kd4 67. Ra4+ Ke3 68. Ra3+ Kf4 69. Rb3 Rc1+ 70. Ke2 Rh1 71. Ra3 Rh2+
72. Ke1 Rg2 73. Rb3 Rg3 74. Rxg3 Kxg3 75. Ke2 Kf4 76. Kf2 e3+ 77. Ke2 Ke4 78.
Ke1 Kd3 79. Kd1 e2+ 80. Ke1 Ke3 1/2-1/2

[Event "Team men HL chess 2018"]
[Site "Sochi"]
[Date "2018.05.02"]
[Round "2.4"]
[White "Smirnov, Artem"]
[Black "Kudelya, Igor"]
[Result "1-0"]
[WhiteElo "2400"]
[BlackElo "2341"]
[PlyCount "65"]
[EventDate "2018.05.01"]

1. Nf3 g6 2. g3 Bg7 3. Bg2 c5 4. O-O Nc6 5. c3 e5 6. e4 Nge7 7. d3 O-O 8. Nbd2
d6 9. a3 b6 10. b4 Ba6 11. c4 Bb7 12. b5 Nd4 13. Nxd4 exd4 14. a4 a6 15. Nb3 f5
16. Bf4 Kh8 17. Qd2 fxe4 18. dxe4 Ng8 19. a5 Re8 20. axb6 axb5 21. Na5 Rb8 22.
cxb5 Ba8 23. Nc4 Re6 24. Bh3 Rxe4 25. Bxd6 Bd5 26. Bc7 Qf8 27. Bg2 Nf6 28. Nd6
Rbe8 29. b7 Bxb7 30. Nxb7 Re2 31. Qd3 Qf7 32. b6 c4 33. Nd6 1-0

[Event "Team men HL chess 2018"]
[Site "Sochi"]
[Date "2018.05.02"]
[Round "2.1"]
[White "Sychev, Klementy"]
[Black "Tregubov, Pavel V"]
[Result "1/2-1/2"]
[WhiteElo "2550"]
[BlackElo "2578"]
[PlyCount "81"]
[EventDate "2018.05.01"]

1. Nf3 Nf6 2. g3 d5 3. Bg2 c6 4. O-O Bg4 5. h3 Bh5 6. d4 e6 7. c4 Nbd7 8. cxd5
cxd5 9. Nc3 Bd6 10. Qb3 Qb6 11. Qxb6 Nxb6 12. Nb5 Bb8 13. b3 Ne4 14. Bb2 a6 15.
Nc3 Nxc3 16. Bxc3 Bd6 17. Bb2 f6 18. Rfc1 Ke7 19. e3 Rhc8 20. Ne1 Bg6 21. Bf1
Nd7 22. Nd3 a5 23. Nf4 Bc2 24. Bb5 Rc7 25. Nd3 a4 26. bxa4 Bxa4 27. Rxc7 Bxc7
28. Ba3+ Bd6 29. Bxd6+ Kxd6 30. Rb1 Bxb5 31. Rxb5 b6 32. Rb2 e5 33. Nb4 exd4
34. exd4 Rc8 35. Nc2 Rc3 36. Kf1 g6 37. Ke2 f5 38. Kd2 Rf3 39. Ke2 Rc3 40. Kd2
Rf3 41. Ke2 1/2-1/2

[Event "Team men HL chess 2018"]
[Site "Sochi"]
[Date "2018.05.02"]
[Round "2.2"]
[White "Barskij, Vladimir"]
[Black "Demidov, Mikhail"]
[Result "1/2-1/2"]
[WhiteElo "2386"]
[BlackElo "2511"]
[PlyCount "117"]
[EventDate "2018.05.01"]

1. e4 Nf6 2. e5 Nd5 3. d4 d6 4. c4 Nb6 5. exd6 exd6 6. Nf3 Be7 7. Be2 O-O 8.
O-O Bf6 9. Nc3 Nc6 10. h3 Re8 11. Bf4 Bf5 12. Rc1 Bg6 13. Re1 Nb4 14. Bf1 Rxe1
15. Nxe1 h6 16. Nf3 Bh5 17. g4 Bg6 18. a3 Nc6 19. c5 dxc5 20. dxc5 Nd7 21. b4
Nde5 22. Nxe5 Nxe5 23. Nd5 Be4 24. Nxf6+ Qxf6 25. Bxe5 Qxe5 26. Qd2 Qf6 27. Qc3
Qf4 28. Re1 Rd8 29. Qe3 Qxe3 30. Rxe3 Rd4 31. Bg2 Bxg2 32. Re8+ Kh7 33. Kxg2 a5
34. bxa5 Rd5 35. Rb8 Rxc5 36. Rxb7 Rxa5 37. Rxc7 Rxa3 38. Rxf7 h5 39. Rf5 hxg4
40. hxg4 g6 41. Rf7+ Kg8 42. Rb7 Rc3 43. f3 Ra3 44. Kg3 Ra4 45. Re7 Kf8 46. Re4
Ra5 47. Kh4 Kf7 48. Rb4 g5+ 49. Kh5 Ra3 50. Rb7+ Kf6 51. Rb6+ Kf7 52. Kxg5 Rxf3
53. Rb7+ Kg8 54. Kg6 Rf8 55. g5 Ra8 56. Rg7+ Kh8 57. Rf7 Kg8 58. Rf6 Rb8 59.
Ra6 1/2-1/2

[Event "Team men HL chess 2018"]
[Site "Sochi"]
[Date "2018.05.02"]
[Round "2.3"]
[White "Nikolenko, Oleg"]
[Black "Burtasova, Anna"]
[Result "1/2-1/2"]
[WhiteElo "2480"]
[BlackElo "2276"]
[PlyCount "130"]
[EventDate "2018.05.01"]

1. e4 c5 2. Nf3 e6 3. Nc3 a6 4. d4 cxd4 5. Nxd4 b5 6. Bd3 d6 7. O-O Nf6 8. Re1
Be7 9. a4 b4 10. Na2 e5 11. Nf3 Nc6 12. Bg5 O-O 13. Bxf6 Bxf6 14. Bc4 Rb8 15.
Qd3 Qb6 16. Nc1 Na5 17. Bd5 Nb7 18. Nb3 Nc5 19. Nxc5 dxc5 20. a5 Qc7 21. Nd2
Bd7 22. Nc4 Bb5 23. Qb3 Rbd8 24. Nb6 Bg5 25. c3 bxc3 26. bxc3 Rd6 27. Bc4 Qc6
28. Rab1 Bxc4 29. Qxc4 h6 30. Qxa6 Bd2 31. Red1 Qxe4 32. Qc4 Qc2 33. Qe2 Rfd8
34. Nc4 Rd3 35. g3 Qxc3 36. Nxe5 R3d6 37. a6 Re6 38. a7 Rxe5 39. Rb8 Rxe2 40.
Rxd8+ Kh7 41. a8=Q Qc2 42. Rf1 Bg5 43. Rh8+ Kg6 44. h4 Bf6 45. Qd5 Re5 46. Qf3
Qe4 47. h5+ Kg5 48. Qd1 Rd5 49. f4+ Kf5 50. g4+ Ke6 51. Re8+ Be7 52. Qe1 Rd4
53. Qc3 Kd6 54. Rc1 Kd7 55. Rxe7+ Qxe7 56. Re1 Qh4 57. Qe3 Qxg4+ 58. Kh1 Qxh5+
59. Kg1 Qg4+ 60. Kh1 Qh5+ 61. Kg1 Qg6+ 62. Kf2 Qe6 63. Qf3 Qd5 64. Qg4+ Kc6 65.
Qc8+ Kd6 1/2-1/2

[Event "Team men HL chess 2018"]
[Site "Sochi"]
[Date "2018.05.02"]
[Round "2.4"]
[White "Golubeva, Oksana"]
[Black "Saulin, Dmitri"]
[Result "1/2-1/2"]
[WhiteElo "2177"]
[BlackElo "2376"]
[PlyCount "105"]
[EventDate "2018.05.01"]

1. c4 c5 2. g3 Nc6 3. Bg2 g6 4. e3 Bg7 5. Ne2 e5 6. d3 Nge7 7. Nbc3 d6 8. Nd5
Nxd5 9. cxd5 Ne7 10. Bd2 O-O 11. Bc3 b5 12. b3 Bb7 13. e4 f5 14. Qd2 b4 15. Bb2
f4 16. gxf4 Bh6 17. O-O Rf7 18. f3 Qb6 19. Kh1 Raf8 20. Rg1 Bc8 21. Rad1 Bxf4
22. Nxf4 Rxf4 23. Bc1 g5 24. Qe1 Ng6 25. Qg3 h6 26. Bxf4 Rxf4 27. Bh3 Qd8 28.
Rc1 Kh7 29. Rcf1 Rh4 30. Bg4 Nf4 31. Qe1 Nxd3 32. Qe3 Nf4 33. Rg3 Ba6 34. Rf2
h5 35. Bf5+ Kh6 36. Qd2 Bb5 37. Qd1 a5 38. Rd2 Qc7 39. Qc1 Qe7 40. Qd1 Qf6 41.
Rc2 a4 42. Rd2 a3 43. Rc2 Qe7 44. Rd2 Qd8 45. Qe1 Qf6 46. Qd1 Be8 47. Qf1 Bg6
48. Bxg6 Qxg6 49. Qe1 Qf6 50. Qe3 Qe7 51. Qe1 Qd8 52. Rc2 Qf6 53. Qe3 1/2-1/2

[Event "Team men HL chess 2018"]
[Site "Sochi"]
[Date "2018.05.02"]
[Round "2.1"]
[White "Utnasunov, Alexander"]
[Black "Goryachkina, Aleksandra"]
[Result "0-1"]
[WhiteElo "2446"]
[BlackElo "2496"]
[PlyCount "120"]
[EventDate "2018.05.01"]

1. d4 e6 2. c4 Nf6 3. Nc3 Bb4 4. f3 d5 5. a3 Bxc3+ 6. bxc3 c5 7. cxd5 exd5 8.
e3 O-O 9. Bd3 b6 10. Ne2 Ba6 11. Bxa6 Nxa6 12. O-O Re8 13. Ng3 Nc7 14. Qd3 Ne6
15. Rd1 h5 16. e4 h4 17. Nf5 cxd4 18. cxd4 Nh5 19. e5 Nef4 20. Bxf4 Nxf4 21.
Qd2 Qg5 22. Ne3 f6 23. Ng4 Rac8 24. g3 hxg3 25. hxg3 Nh3+ 26. Kg2 Qg6 27. Rac1
Ng5 28. exf6 Nxf3 29. Qf4 Rxc1 30. Rxc1 Ne1+ 31. Kf1 Nd3 32. f7+ Qxf7 33. Qxf7+
Kxf7 34. Rc3 Re4 35. Nh2 Re1+ 36. Kg2 Re3 37. Rc7+ Re7 38. Rc6 Nb2 39. Nf3 Nc4
40. a4 Ke8 41. Rc8+ Kd7 42. Ra8 Kc6 43. g4 b5 44. axb5+ Kxb5 45. Rb8+ Nb6 46.
Ne5 a5 47. Rf8 a4 48. Rf1 Rc7 49. Rb1+ Ka5 50. Kf2 a3 51. Ke2 Na4 52. Kd2 Nc3
53. Ra1 Ka4 54. Nd3 Ne4+ 55. Ke2 Rc2+ 56. Ke3 a2 57. Nf4 Nc3 58. Nd3 Ka3 59.
Nc5 Nb1 60. Nd3 Rc3 0-1

[Event "Team men HL chess 2018"]
[Site "Sochi"]
[Date "2018.05.02"]
[Round "2.2"]
[White "Potapov, Pavel"]
[Black "Tekeyev, Zaur"]
[Result "1-0"]
[WhiteElo "2492"]
[BlackElo "2378"]
[PlyCount "55"]
[EventDate "2018.05.01"]

1. e4 c5 2. Nf3 Nc6 3. Nc3 g6 4. Bb5 Bg7 5. O-O Nf6 6. e5 Ng4 7. Bxc6 dxc6 8.
Re1 O-O 9. d3 Nh6 10. Bf4 Bg4 11. Ne4 b6 12. h3 Bxf3 13. Qxf3 Nf5 14. c3 f6 15.
exf6 exf6 16. Rad1 Qd5 17. g4 Ne7 18. Bd6 Rae8 19. Qg3 Qxa2 20. Ra1 Qxb2 21.
Rxa7 Nd5 22. Bxf8 Bxf8 23. c4 Re7 24. Rxe7 Nxe7 25. Qd6 Kf7 26. Qd7 f5 27. Nd6+
Kf6 28. Qd8 1-0

[Event "Team men HL chess 2018"]
[Site "Sochi"]
[Date "2018.05.02"]
[Round "2.3"]
[White "Nechaev, Oleg"]
[Black "Belyakov, Bogdan"]
[Result "1/2-1/2"]
[WhiteElo "2410"]
[BlackElo "2479"]
[PlyCount "80"]
[EventDate "2018.05.01"]

1. c4 Nf6 2. Nc3 g6 3. e4 d6 4. g3 Bg7 5. Bg2 O-O 6. Nge2 c5 7. O-O Nc6 8. d3
a6 9. Rb1 Rb8 10. a4 Ne8 11. Be3 Nc7 12. d4 b6 13. h3 e5 14. dxe5 dxe5 15. Qxd8
Rxd8 16. Nd5 Nxd5 17. cxd5 Nd4 18. Nxd4 cxd4 19. Bg5 f6 20. Bd2 Bd7 21. b3 b5
22. a5 Rdc8 23. Rbc1 Bf8 24. f4 Rxc1 25. Rxc1 Rc8 26. Rxc8 Bxc8 27. Kf2 Be7 28.
g4 g5 29. f5 Kf7 30. b4 h6 31. Bf3 Bd6 32. Bd1 Ke7 33. Bb3 Bd7 34. h4 Bc8 35.
h5 Bd7 36. Ke2 Bc8 37. Kd3 Bd7 38. Be1 Bc8 39. Bd2 Bd7 40. Be1 Bc8 1/2-1/2